000 00334nam a2200133Ia 4500
008 240624s9999 xx 000 0 und d
041 _aeng
082 _a006.312 MIT
100 _aMITRA SUSHMITA
245 _aDATA MINING MULTIMEDIA SOFTCOMPUTING AND
260 _c2004
_aSingapore
_bJohn Wiley
300 _axviii, : 401
365 _cRS
999 _c1231
_d1231